000 00434nam a2200181Ia 4500
001 412
005 20260306140516.0
008 260306t2021||||xx |||||||||||||| ||spa||
041 _aESP
082 _a111
_bL54
100 _aLevinas, Emmanuel
_eAUT
245 0 _aDe otro modo que ser o más allá de la esencia
260 _c2021
300 _a317 páginas :
_c22 cm.
650 _aGEN
654 _aCHU
942 _cLIB
_dJUS
_fJUS
_2ddc
_n
999 _c412
_d412